| 000 | 00876nam a22002417a 4500 | ||
|---|---|---|---|
| 999 |
_c162122 _d162122 |
||
| 005 | 20190813162829.0 | ||
| 010 | _a1819CHEN B-718419-439 | ||
| 020 |
_c150.00 _a9789383331925 |
||
| 035 | _aB-718419-439 | ||
| 035 | _aB-728588 | ||
| 037 | _bPansy Books | ||
| 082 | _aS | ||
| 100 | _aMahajan, Shals | ||
| 245 |
_aTimmi and Rizu / _cby Shals Mahajan ; illustrated by Shreya Sen |
||
| 260 |
_bDuckbill Books _aChennai _c2017 |
||
| 270 |
_bChennai _aF2, Oyster Operaa, 35/36 Gangai Street Kalakshetra Colony _e600090 |
||
| 300 |
_a65p.: _c20cm(pbk) _bill. |
||
| 500 | _aAirport | ||
| 700 | _aSen, Shreya | ||
| 942 |
_2ddc _cCH _mMAH _hS |
||